World health statistics annual 1985
Gespeichert in:
| Format: | Buch |
|---|---|
| Sprache: | Englisch |
| Veröffentlicht: |
Genéve
World Health Organization
1985
|
| Ausgabe: | 1. ed. |
| Tags: |
Keine Tags, Fügen Sie das erste Tag hinzu!
|
MARC
| LEADER | 00000nam a2200000 4500 | ||
|---|---|---|---|
| 001 | c105181 | ||
| 005 | 20221220080656.5 | ||
| 041 | 0 | |a eng | |
| 044 | |a CH | ||
| 245 | 1 | 0 | |a World health statistics annual 1985 |
| 250 | |a 1. ed. | ||
| 264 | 1 | |a Genéve |b World Health Organization |c 1985 | |
| 300 | |a 531 s. | ||